Bibliotheca Baconia, or, A collection of choice English books : all in folio, curiously bound, gilt, and lettered on the back, consisting of various subjects but chiefly history, formerly belonging to Mr. Francis Bacon, lately deceased, will be exposed to sale ... on Wednesday next being the 19th of May, 1686 ...

Bibliographic Details
Main Author: Bacon, Francis, 1561-1626
Format: Microform Book
Language:English
Published: [London?] : [publisher not identified], [1686?]
Series:Early English books, 1641-1700 ; 1299:33.
Subjects:

MARC

Tag First Indicator Second Indicator Subfields
LEADER 00000cam a2200000 a 4500
001 in00000890121
005 20150923150435.0
007 hd afv---baca
007 hz bfv---baaa
008 830304s1686 miu abc 00010 eng d
035 |a (OCoLC)09279972 
035 |9 AEL8095AM 
037 |a CL0037000044  |b University Microfilms International 
037 |b University Microfilms International, 300 N. Zeeb Rd., Ann Arbor, MI 48106 
040 |a UMI  |c UMI  |d m/c  |d UtOrBLW 
045 |a u-u- 
049 |a TXAI 
090 |a Z1015  |b .B32 
099 |a film   |a  B   |a  3609 
100 1 |a Bacon, Francis,  |d 1561-1626. 
245 1 0 |a Bibliotheca Baconia, or, A collection of choice English books :  |b all in folio, curiously bound, gilt, and lettered on the back, consisting of various subjects but chiefly history, formerly belonging to Mr. Francis Bacon, lately deceased, will be exposed to sale ... on Wednesday next being the 19th of May, 1686 ... 
264 1 |a [London?] :  |b [publisher not identified],  |c [1686?] 
300 |a 4 unnumbered pages 
336 |a text  |b txt  |2 rdacontent 
337 |a microform  |b h  |2 rdamedia 
338 |a microfilm reel  |b hd  |2 rdacarrier 
500 |a Caption title. 
500 |a Reproduction of original in the British Library. 
510 4 |a Wing  |c B273. 
533 |a Microfilm.  |b Ann Arbor, Mich. :  |c University Microfilms International,  |d 1982.  |e 1 microfilm reel ; 35 mm.  |f (Early English books, 1641-1700 ; 1299:33) 
500 |a Microform. 
600 1 0 |a Bacon, Francis,  |d 1561-1626  |x Library. 
650 0 |a Booksellers' catalogs  |y 17th century. 
740 2 |a A collection of choice English books. 
830 0 |a Early English books, 1641-1700 ;  |v 1299:33. 
999 |a MARS 
999 f f |s b4620fcb-f813-358f-ad1c-f0920590a494  |i 10cd8689-2a98-385b-acab-8f66a2bdd4ca  |t 0 
952 f f |p default  |a Texas A&M University  |b College Station  |c Sterling C. Evans Library  |d Evans: Microforms (3rd floor)  |t 0  |e film B 3609 1299:33  |h Other scheme  |i microform -- microfilm reel 
998 f f |a film B 3609 1299:33  |t 0  |l Evans: Microforms (3rd floor)